000 nam a22 7a 4500
999 _c7168
_d7168
008 170725b xxu||||| |||| 00| 0 eng d
100 _93744
_aGupta Vikas
245 _aFoundation of Information Technology
260 _aNew Delhi
_bDreamtech Press
_c2016